Evénements du 20 novembre - Statistiques

Statistiques générales
  • Ce quiz a été pris 43 fois
  • Le résultat moyen est 7 sur 15
Statistiques - réponses
Hint Réponse % Correct
Dioclétien devient empereur 284
88%
Traité de Paris qui met fin au Premier empire 1815
76%
Sortie du film Tanguy 2001
68%
Sortie de Windows 1.0 1985
65%
Décès de Francisco Franco, chef d'état espagnol 1975
59%
Mariage d'Elisabeth II et Philip Mountbatten 1947
53%
Ouverture du procès de Nuremberg 1945
47%
Décès du commandant Philippe Kieffer, Compagnon de la Libération 1962
44%
Naissance de Robert Kennedy 1925
41%
Première représentation de Fidelio 1805
35%
Naissance de Henri-Georges Clouzot, cinéaste 1907
35%
Début de la révolution mexicaine et Décès de Léon Tolstoï 1910
29%
Arrestation du général Weygand 1942
29%
Naissance du poète Thomas Chatterton 1752
24%
Décret créant le Nouveau franc 1959
24%
Aucun quiz correspondant
Distribution des résultats
% des personnes avec chaque résultat
Percentile par nombre de réponses
Votre historique - résultats
Vous n’avez pas pris ce quiz